Expert guide to windows 98 / (Record no. 346429)
[ view plain ]
| 000 -LEADER | |
|---|---|
| fixed length control field | 01077 a2200241 4500 |
| 020 ## - INTERNATIONAL STANDARD BOOK NUMBER | |
| International Standard Book Number | 0782119743 |
| 020 ## - INTERNATIONAL STANDARD BOOK NUMBER | |
| International Standard Book Number | 9780782119749 |
| 082 04 - DEWEY DECIMAL CLASSIFICATION NUMBER | |
| Classification number | 005.4469 |
| 090 ## - LOCALLY ASSIGNED LC-TYPE CALL NUMBER (OCLC); LOCAL CALL NUMBER (RLIN) | |
| -- | 3969 |
| -- | 3969 |
| 100 1# - MAIN ENTRY--PERSONAL NAME | |
| Personal name | Minasi, Mark. |
| 245 10 - TITLE STATEMENT | |
| Title | Expert guide to windows 98 / |
| Statement of responsibility, etc. | Mark Minasi. |
| 260 ## - PUBLICATION, DISTRIBUTION, ETC. | |
| Place of publication, distribution, etc. | [S.l.] : |
| Name of publisher, distributor, etc. | Sybex Inc, |
| Date of publication, distribution, etc. | 1998. |
| 300 ## - PHYSICAL DESCRIPTION | |
| Extent | 930 p. ; |
| Dimensions | 23 cm. |
| 490 1# - SERIES STATEMENT | |
| Series statement | Minaki, mark. mark minasi's technical solutions. |
| 500 ## - GENERAL NOTE | |
| General note | Paperback. |
| 520 ## - SUMMARY, ETC. | |
| Summary, etc. | World-renowned author and lecturer Mark Minasi gives information on bug fixes, updates to networking, e-mail and faxing, and brand new telephony add-ons. All of the step-by-step procedures presented in the book are included on the CD-ROM as animated multimedia AVI files. |
| 700 1# - ADDED ENTRY--PERSONAL NAME | |
| Personal name | Christiansen, Eric. |
| 700 1# - ADDED ENTRY--PERSONAL NAME | |
| Personal name | Shapar, Kristina. |
| 830 #0 - SERIES ADDED ENTRY--UNIFORM TITLE | |
| Uniform title | Minaki, mark. mark minasi's technical solutions. |
| 856 40 - ELECTRONIC LOCATION AND ACCESS | |
| Materials specified | Amazon.com |
| Uniform Resource Identifier | <a href="http://www.amazon.com/exec/obidos/ASIN/0782119743/chopaconline-20">http://www.amazon.com/exec/obidos/ASIN/0782119743/chopaconline-20</a> |
| 856 40 - ELECTRONIC LOCATION AND ACCESS | |
| Materials specified | Amazon customer reviews |
| Uniform Resource Identifier | <a href="http://www.chopac.org/cgi-bin/tools/azrev.pl?q=0782119743">http://www.chopac.org/cgi-bin/tools/azrev.pl?q=0782119743</a> |
| 942 ## - ADDED ENTRY ELEMENTS (KOHA) | |
| Institution code [OBSOLETE] | NBS |
| Koha item type | Book |
| Call number prefix | 005.369 MIN |
| Withdrawn status | Lost status | Damaged status | Not for loan | Permanent Location | Current Location | Shelving location | Date acquired | Total Checkouts | Full call number | Barcode | Date last seen | Date last checked out | Price effective from | Koha item type |
|---|---|---|---|---|---|---|---|---|---|---|---|---|---|---|
| Central Library (CL) | Central Library (CL) | First Floor - Software Engineering/ Programming Language | 08/28/2013 | 1 | 005.369 MIN | NBS753 | 11/22/2017 | 07/20/2017 | 08/28/2013 | Book |
